000 01037nam0a22002651 4500
001 v19\rc\1403325
005 20260406141015.0
035 _a(NLR Aleph) 004533287
090 _a1900790
_c1900790
100 _a20060512d1874 |||y0rusy50 ca
101 0 _arus
102 _aRU
105 _ay c |||||
200 1 _aУказатель 11-й Выставки телят в Москве 10-го мая 1874 года, устроенной Комитетом скотоводства Московского общества сельского хозяйства
210 _aМосква
_d1874
215 _a14 с.
_d22
710 1 2 _aМосковская выставка телят
_d11
_f1874
712 0 2 _aМосковское общество сельского хозяйства
_bКомитет скотоводства
_3RU\NLR\AUTH\889920064
_9336365
801 0 _aRU
_bNLR
_gpsbo
801 0 _aRU
_bRuMoRGB
_2psbo
801 1 _aRU
_bProSoft-M
_2rusmarc
852 _aNLR
_j18.109.8.490
899 _aБАН
942 _cBOOK
980 _aNB